| 000 | 00472nam a2200169Ia 4500 | ||
|---|---|---|---|
| 008 | 210716s2006 xx 000 0 und d | ||
| 020 | _a8184290039 | ||
| 041 | _aeng | ||
| 082 | _a380.06554 REDM | ||
| 100 | _aReddy, Atchi M. | ||
| 245 |
_aTrade and commerce of the english: east india company in india. _bEast india company in india. |
||
| 250 | _a1 | ||
| 260 |
_aNew Delhi _bThe associated publishers _c2006 |
||
| 300 | _axxvii,514 | ||
| 440 | _v3 | ||
| 650 | _aNone | ||
| 999 |
_c198989 _d198989 |
||